<?xml version="1.0" encoding="UTF-8"?>
<marc:record xmlns:marc="http://www.loc.gov/MARC21/slim">
   <marc:leader>00000nam a2200000 a 4500</marc:leader>
   <marc:datafield ind1="1" ind2=" " tag="100">
      <marc:subfield code="a">Tomassini, Marco</marc:subfield>
      <marc:subfield code="4">aut</marc:subfield>
      <marc:subfield code="e">Verfasser/-in</marc:subfield>
   </marc:datafield>
   <marc:datafield ind1=" " ind2=" " tag="653">
      <marc:subfield code="a">Softcover / Reisen/Reiseführer/Sportreisen</marc:subfield>
   </marc:datafield>
   <marc:datafield ind1=" " ind2=" " tag="653">
      <marc:subfield code="a">Aktivreisen</marc:subfield>
   </marc:datafield>
   <marc:datafield ind1=" " ind2=" " tag="653">
      <marc:subfield code="a">Finale Ligure</marc:subfield>
   </marc:datafield>
   <marc:datafield ind1=" " ind2=" " tag="653">
      <marc:subfield code="a">Klettern</marc:subfield>
   </marc:datafield>
   <marc:datafield ind1=" " ind2=" " tag="653">
      <marc:subfield code="a">Kletterrouten</marc:subfield>
   </marc:datafield>
   <marc:datafield ind1="0" ind2="0" tag="245">
      <marc:subfield code="a">Finale Climbing</marc:subfield>
   </marc:datafield>
   <marc:datafield ind1="0" ind2="0" tag="245">
      <marc:subfield code="b">Klettergärten und lange Routen</marc:subfield>
   </marc:datafield>
   <marc:datafield ind1="0" ind2="0" tag="245">
      <marc:subfield code="c">Marco Tomassini</marc:subfield>
   </marc:datafield>
   <marc:datafield ind1=" " ind2="1" tag="264">
      <marc:subfield code="a">Milano</marc:subfield>
      <marc:subfield code="b">Versante Sud srl</marc:subfield>
      <marc:subfield code="c">2022</marc:subfield>
   </marc:datafield>
   <marc:datafield ind1="1" ind2=" " tag="520">
      <marc:subfield code="a">Finale ist ein besonderer und magischer Ort: wild, rau, landschaftlich einfach außergewöhnlich. Aus einer dichten, immergrünen Vegetation, in der man sich leicht verirren kann, ragen helle Kalkfelsen, die einmalig sind im westlichen Ligurien. Finale ist ein Ort zum Entdecken, der auch nach über dreißig Jahren Erschließungsgeschichte Kletterern, Wanderern, Mountainbikern und allen, die ebenfalls gerne in diese Täler kommen, noch genügend Spielraum für Neuentdeckungen bietet. Schon in den 1960 er Jahren waren die ersten Kletterer an den Felsen von Finale zu sehen, damals noch mit Bergstiefeln an den Füßen. Und seit damals ist viel geschehen: Erschließer, Kletterer, Fotografen und Autoren haben Finale im Laufe der Jahre zu einem der wichtigsten Klettergebiete der Welt gemacht. In der dritten Ausgabe dieses Kletterführers werden, nur fünf Jahre nach der ersten Ausgabe, 21 neue bzw. wiederentdeckte Klettergärten beschrieben. Für den Führer wurden die neuesten Technologien verwendet: Luftaufnahmen der Felsen mit Hilfe von Drohnen, QR-Codes mit Videoclips der wichtigsten Klettergärten, QR-Codes mit GPS-Daten der Parkplätze sowie GPS-Tracks der Zustiege, um in der dichten Vegetation den richtigen Weg zu finden.
</marc:subfield>
   </marc:datafield>
   <marc:datafield ind1=" " ind2=" " tag="020">
      <marc:subfield code="a">9788855470858</marc:subfield>
      <marc:subfield code="9">9788855470858</marc:subfield>
   </marc:datafield>
   <marc:datafield ind1=" " ind2=" " tag="020">
      <marc:subfield code="a">885547085X</marc:subfield>
      <marc:subfield code="9">885547085X</marc:subfield>
   </marc:datafield>
   <marc:datafield ind1=" " ind2=" " tag="041">
      <marc:subfield code="a">ger</marc:subfield>
   </marc:datafield>
   <marc:datafield ind1=" " ind2=" " tag="300">
      <marc:subfield code="a">792 Seiten</marc:subfield>
   </marc:datafield>
</marc:record>
